| 000 | 00528nam a22001457a 4500 | ||
|---|---|---|---|
| 008 | 230410b |||||||| |||| 00| 0 eng d | ||
| 040 |
_aNational Science Library _cNational Science Library |
||
| 080 |
_a338(540)''196'' _bK3 |
||
| 245 |
_aEconomic implications of the present emergency _c/ National Council of Applied Economic Research |
||
| 260 |
_aNew Delhi: _bNational Council of Applied Economic Research, _c1963 |
||
| 300 | _av, 66p. | ||
| 490 |
_aOccasional papers _vno. 5 |
||
| 650 | _aEconomic policy | ||
| 942 |
_2udc _cREP |
||
| 999 |
_c19626 _d19626 |
||